Innovación curricular en las universidades del Consejo de Rectores: reflexiones y procesos en las universidades del Consejo de Rectores. Prácticas internacionales
Guardado en:
| Autor Corporativo: | |
|---|---|
| Formato: | Libro |
| Lenguaje: | español |
| Publicado: |
Santiago, Chile
Consejo de Rectores de las Universidades Chilenas CRUCH
2012
|
| Materias: | |
| Etiquetas: |
Agregar Etiqueta
Sin Etiquetas, Sea el primero en etiquetar este registro!
|
MARC
| LEADER | 00000cam a2200000 a 4500 | ||
|---|---|---|---|
| 001 | UCF4351 | ||
| 003 | CL-VaPUC | ||
| 005 | 20210330001525.0 | ||
| 008 | 121130e20121000CL |||||||||||||||||spa|d | ||
| 999 | |c 350158 |d 350156 | ||
| 020 | |a 9789567581030 | ||
| 040 | |c Pontificia Universidad Católica de Valparaíso | ||
| 082 | 0 | 4 | |a 378.199 CON 2012 |2 21 |
| 110 | 2 | |a Consejo de Rectores de las Universidades Chilenas |9 565867 | |
| 245 | 1 | 0 | |a Innovación curricular en las universidades del Consejo de Rectores: reflexiones y procesos en las universidades del Consejo de Rectores. Prácticas internacionales |
| 260 | 0 | 3 | |a Santiago, Chile |b Consejo de Rectores de las Universidades Chilenas CRUCH |c 2012 |
| 300 | |a 186 páginas | ||
| 583 | |a last modification |c 20160914 11:19:22 |k Rodrigo Vera | ||
| 650 | 0 | |a Planificación del currículo |9 269599 | |
| 650 | 0 | |a Innovaciones pedagógicas |9 307471 | |
| 650 | 0 | |a Universidades |9 256317 | |
| 650 | 0 | |a Educación superior |9 223851 | |
| 942 | |c BK |2 ddc | ||
| 945 | |d 20121130 00:00:00 |a dcastane | ||
| 952 | |0 0 |1 0 |2 ddc |4 0 |6 378_199000000000000_CON_2012 |7 0 |8 A |9 453357 |a BIBTEO |b BIBTEO |d 2019-11-22 |i 4930916 |o 378.199 CON 2012 |p 4930916 |r 2025-01-17 |t 4 |w 2019-11-22 |y BK |k ICR | ||
| 952 | |0 0 |1 0 |2 ddc |4 0 |6 378_199000000000000_CON_2012 |7 0 |8 A |9 453358 |a BIBEDU |b BIBEDU |d 2019-11-22 |i 4930819 |o 378.199 CON 2012 |p 4930819 |r 2019-11-22 |t 2 |w 2019-11-22 |y BK |k EDU | ||
| 952 | |0 0 |1 0 |2 ddc |4 0 |6 378_199000000000000_CON_2012 |7 0 |8 A |9 453359 |a BIBING |b BIBING |d 2019-11-22 |i 4930827 |o 378.199 CON 2012 |p 4930827 |r 2025-01-20 |t 3 |w 2019-11-22 |y BK |k ING | ||
| 952 | |0 0 |1 0 |2 ddc |3 erb |4 0 |6 378_199000000000000_CON_2012 |7 0 |8 A |9 453360 |a BIBCUR |b BIBCUR |d 2019-11-22 |i 5018897 |o 378.199 CON 2012 |p 5018897 |r 2025-04-22 |t 1 |w 2019-11-22 |y BK |z Catalogado en:20131011 |k BIO | ||